banner-ar

PATHOLOGY AND THERAPEUTICS FOR PHARMACIST: A BASIS FOR CLINICAL PHARMACY PRACTICE / (Record no. 17094)

MARC details
000 -الفاتح
حقل البيانات ثابتة الطول 00583nam a2200205Ia 4500
008 - عناصر البيانات ثابتة الطول - معلومات عامة
حقل البيانات ثابتة الطول 140319s9999 xx 000 0 eng d
040 ## - مصدر الفهرسة
وكالة الفهرسة الأصلية GCL /
وكالة النسخ GCL
082 04 - رقم تصنيف ديوى العشرى
رقم التصنيف 616.07
رقم المادة G P
100 1# - المدخل الرئيسى - إسم شخصى
الإسم الشخصى HARRES, NORMAN D.
245 10 - بيان العنوان
العنوان PATHOLOGY AND THERAPEUTICS FOR PHARMACIST: A BASIS FOR CLINICAL PHARMACY PRACTICE /
بيان المسئوليه,etc HARRES, NORMAN D.
700 1# - المدخل الاضافى - اسم شخصى
الإسم الشخصى GREENE, RUSSELL J.
260 ## - PUBLICATION, DISTRIBUTION, ETC. (IMPRINT)
تاريخ النشر أو التوزيع 1993
300 ## - الوصف المادى
التعداد 594 P
650 04 - المدخل الاضافى بالموضوع-مصطلح موضوعى
مصطلح موضوعي PHARMACOLOGY
650 04 - المدخل الاضافى بالموضوع-مصطلح موضوعى
مصطلح موضوعي PHARMACY - PRACTICE
650 04 - المدخل الاضافى بالموضوع-مصطلح موضوعى
مصطلح موضوعي MEDICINE
650 04 - المدخل الاضافى بالموضوع-مصطلح موضوعى
مصطلح موضوعي PATHOLOGY
942 ## - عناصر المدخل الإضافي( كوها)
مصدر التصنيف او مخطط الترفيف Dewey Decimal Classification
Koha [default] item type كتاب
260 ## - PUBLICATION, DISTRIBUTION, ETC. (IMPRINT)
-- [S.N] :
-- CHAPMAN & HALL ،
Holdings
حالة التراجع حالة الفقد حالة تلف ليس للاعارة المكان المؤقت الموقع الحالى تاريخ الاكتساب اجمالي اﻻعارات رقم الطلب الباركود تاريخ اخر مشاهدة تاريخ تفعيل السعر نوع وعاء كوها
        مكتبة القاهرة الكبرى مكتبة القاهرة الكبرى 03/26/2014   616.07\G P 30847 03/26/2014 03/26/2014 كتاب

Powered By

EGPV